| 000 | 02329cam a2200325 i 4500 | ||
|---|---|---|---|
| 003 | SA-RiAUC | ||
| 005 | 20250923035844.0 | ||
| 008 | 250901s2007 ua a g 00000dara c | ||
| 020 | _a9773413446 | ||
| 024 | 0 | _a00000000292600 | |
| 040 |
_aSA-JeALM _bara _cSA-RiAUC _dKAC _erda |
||
| 043 | _aa-su--- | ||
| 082 | 0 | 4 |
_a915.304 _qSA-RiAUC |
| 090 |
_a915.304 _bم ح م |
||
| 100 | 1 |
_aمحمد كرد علي، محمد بن عبد الرزاق بن محمد، _d1876-1953 _eمؤلف. |
|
| 245 | 1 | 2 |
_aالرحلة الأنورية إلى الأصقاع الحجازية والشامية : _bوهي صفحات ضمت شمل ما تفرق من سياحة رجل العثمانيين وبطل الإسلام والمسلمين صاحب الدولة والعطوفة أنور باشا وكيل القائد الأعظم، وناظر الحربية الجليلة إلى المدينةالمنورة وسورية وفلسطين، وما قيل من التنويه بأفضاله على الملة والدولة / _cتأليف محمد كرد علي. |
| 250 | _aالطبعة الأولى. | ||
| 264 | 1 |
_aالقاهرة : _bمكتبة الثقافة الدينية، _c2007. |
|
| 300 |
_a215 صفحة : _bصور ؛ _c24 سم. |
||
| 336 |
_aنص _btxt _2rdacontent _3كتاب |
||
| 337 |
_aبدون وسيط _bn _2rdamedia |
||
| 338 |
_aمجلد _bnc _2rdacarrier |
||
| 505 | 0 | _aالمحتويات : فاتحة المطاف-في حلب الشهباء-في جبل لبنان-خطاب شبلي بك ملاط-قصيدة أمين بك ناصر الدين من شعراء لبنان-قصيدة حليم أفندي إبراهيم دموس-قصيدة يوسف أفندي نعمان بريدي-شعائر العثمانية-قصيدة سليمان أفندي مصويع-قصيدة فوزي أفندي عيسى معلوف-قصيدة وديع أفندي حداد من أدباء لبنان-في مدح ضيف سورية العظيم-في بيروت... | |
| 600 | 1 | 7 |
_aأنور باشا، _d1881-1922 _xرحلات _zالسعودية _zالحجاز _2aucnm |
| 600 | 0 | 7 |
_aأنور باشا، _d1881-1922 _xرحلات _zبلاد الشام _2aucnm |
| 651 | 7 |
_aبلاد الشام _xوصف ورحلات _2aucsh |
|
| 651 | 7 |
_aالحجاز (السعودية) _xوصف ورحلات _2aucsh |
|
| 942 |
_2ddc _cBOOK _n0 |
||
| 949 |
_aSA-JeALM _d250901 _uosman123 _n1 |
||
| 999 |
_c12025 _d12025 |
||